000 00508nam a2200181 i 4500
001 84434
003 ES-MaACL
005 20250723094628.0
007 t|
008 041122s1941 sp ||||1| spa d
100 1 _aJimeno Gil, Emilio.
_966649
245 1 0 _aQuímica general /
_cpor Emilio Jimeno Gil.
260 _aMadrid :
_bSaeta,
_c1941 (
_fNuevas Gráficas)
300 _aXII, 600 p. ;
_c26 cm.
650 0 7 _aQuímica
_2embne
_916625
852 _aES-MaACL
_jA-1725
_bR.19971
999 _c84434
_d84434